000 00924cab a2200169 4500
001 ##L131130
008 051003n2005 000 0 eng u
035 _a(Sirsi) u131130
041 0 _aeng
100 1 _aMajekodunmi, Olefunmi
245 0 0 _aIt only takes one
260 _c2005
490 0 _aConstruction Manager
_vSeptember 2005, 24-25(2)
520 _aReports that surveys show that the construction industry is regarded as the most corrupt sector in the world. Now the UK division of Transparency International and the UK Society of Construction Law have produced an anti-corruption code which has been circulated to professional bodies and trade associations in the form of a guidance document. It is hoped that industry will adopt the code, but doubts have been expressed as to how it can be adequately policed.
690 _aMANAGEMENT-BUSINESS MANAGEMENT-PROFESSIONAL PRACTICE-PROFESSIONAL ETHICS
942 _n0
999 _c75960
_d75960